000 00808nam a2200265Ia 4500
003 OSt
005 20220925230634.0
006 a|||||r|||| 00| 0
007 ta
008 220923b |||||||| |||| 00| 0 eng d
020 _a1856498980
037 _cGeneral Book
040 _aRTL
_cRTL
_beng
041 _2eng
_aeng
082 _aY15-49:4582, P1
100 _aMoser Caroline O.N
_9289542
245 0 _aVictims perpetrators or actors
_b Gender armed conflict and political violence
260 _aLondon
_bZed Books
_c2001
300 _axi, 243p
_ccm.
500 _aBibliography p 217-235
650 _aWorking Women
700 _a Clark Fiona C Ed.
_9142222
942 _hY15-49:4582, P1
_cGB
_2CC
999 _c586205
_d586205